Представление документа в формате MARC21

Поле Инд. ПП Название Значение
Тип записи a
Библиографический уровень b
001 Контрольный номер RU/IS/BASE/102534629
005 Дата корректировки 20211115145841.6
084 a Индекс другой классификации/Индекс ББК 28.071.25; 28.708
100 1_ a Автор Григорьев Ю. Г.
245 a Заглавие Сотовая связь: радиобиологические проблемы и оценка опасности
504 a Библиография Библиогр.: с. 511 - 513 (80 назв.)
650 a Основная рубрика биология
a Основная рубрика биофизика
a Основная рубрика радиобиология
a Основная рубрика экология
a Основная рубрика экология человека
653 a Ключевые слова биофизика человека
a Ключевые слова головной мозг
a Ключевые слова ионизирующее излучение
a Ключевые слова медицинская радиобиология
a Ключевые слова медицинская экология
a Ключевые слова мобильная связь
a Ключевые слова мозг
a Ключевые слова сотовые телефоны
a Ключевые слова телекоммуникации
a Ключевые слова электромагнитное облучение
a Ключевые слова электромагнитное поле
773 t Заглавие источника Радиационная биология. Радиоэкология
d Дата издания источника 2001
g Прочая информация Т. 41, № 5. - С. 50 - 513 : 14 табл.
w Контрольный № источника RU/IS/BASE/102534318
901 t Тип документа b